000 01645nam a2200373Ia 4500
001 dia_5742
003 CHAP
005 20240318135216.0
007 ta
008 220117s2009 mx bdo fr 001 0 spa d
040 _cCHAP
_amxchpua
090 _aT.C.495
_bC36 SAI
_c2009
245 1 0 _aSAI :
_bchile habanero-miel /
_ccoordinadora Rosario Campos Hernández ; colaboradores Edgar Isaí Alavez López...[et al.]
260 _aMéxico :
_bEl autor,
_c2009
300 _a102 hojas :
_bmapas, gráficas, diagramas, tablas, fotos
336 _2rdacontent
_atexto
_btxt
337 _2rdamedia
_ano mediado
_bn
338 _2rdacarrier
_avolumen
_bnc
500 _a6° año Grupo 2 y 4 Directorio: hoja 102
502 _aViaje de Estudios
_b(SAI) --
_cUACh. Departamento de Ingeniería Agroindustrial,
_d2009
504 _aBibliografía: hoja 102
505 _aEmpresas visitadas: -- 1. Promotora Agroindustrial de Yucatán -- 2. La extra -- 3. Hidroponía Maya -- 4. Fuego Maya -- 5. SAGARPA, Yucatán -- 6. SAGARPA, Puerto, Quintana Roo -- 7. FIRA, Quintana Roo -- 8. Tropical Forest Honey Company -- 9. CAB - BALAM -- 10. Centros de Investigación -- 11. UADY
650 1 3 _aChile habanero
650 1 3 _aMiel y productos fabricados por abejas
_9143229
650 1 3 _aHoney and bee products
_9147739
700 _aAlavez López, Edgar Isaí
_9159488
_ecolaborador
700 1 _aCampos Hernández, Rosario
_918109
_ecoordinadora
901 _aT.C.495 C36 SAI 2009
902 _aM
905 _a5132272009 mx imdb8223123322spa16
942 _2local
942 _cVE
999 _c176763
_d176763